000 00528nam a22001697a 4500
005 20251108173107.0
008 250721s2003 xx 000 0 ara d
082 1 4 _a346.07/مرا
100 1 _aمراد، عبد الفتاح
245 1 0 _aالمقارنة بين قانون التجارة الجديد و التشريعات السابقة /
264 1 _aالقاهرة :
_bمراد،
_c2003)).
300 _a1067ص.
650 1 7 _aالقانون التجاري
650 1 7 _aمصر
942 _2ddc
_cREF
999 _c95907
_d95907